| 000 | 01102nam a22003497a 4500 | ||
|---|---|---|---|
| 003 | CHAP | ||
| 005 | 20220329133512.0 | ||
| 008 | 971013s1989 r 00010 d | ||
| 010 | _a7122 | ||
| 011 | _a8094 | ||
| 035 | _a7319 | ||
| 040 | _cCHAP | ||
| 082 |
_a634.9 _bS24 |
||
| 100 | 0 | 0 |
_aSchmidt, P. _eed. _9103059 |
| 245 |
_aUnification of european forest pattern research _b: proceedings |
||
| 260 |
_aWageningen : _bPudoc, _c1989 |
||
| 300 | _a138 p. | ||
| 500 | _a64-89 | ||
| 590 |
_aBATCH-UPD _b10 _c20130109 _lUCH01 _h2345 |
||
| 590 |
_aBATCH-UPD _b10 _c20130110 _lUCH01 _h1618 |
||
| 590 |
_aBATCH-UPD _b10 _c20130410 _lUCH01 _h1012 |
||
| 590 |
_aBATCH-UPD _b10 _c20130914 _lUCH01 _h0707 |
||
| 590 |
_aCONVERSION _b10 _c20130109 _lUCH01 _h1305 |
||
| 650 | 1 | 4 |
_aBosques _xEuropa. _914172 |
| 650 | 1 | 4 |
_aBosques _xInvestigación. _914282 |
| 650 | 1 | 4 |
_aBosques _xInvestigación _xEuropa. _914292 |
| 700 | 0 |
_aOldeman, R. A. A. _eed. _982978 |
|
| 700 | 0 |
_aTeller, A. _eed. _9112093 |
|
| 901 | _aBK | ||
| 942 | _cLIBRO | ||
| 949 |
_a634.9 S24 _bBC _cLIBRO _d33724000221586 _eLIBRO _gI.166704 _h83029 _i7319 _si _t144.00 |
||
| 999 |
_c7122 _d7122 |
||